Eastern Philosophy (Record no. 13559)

MARC details
000 -LEADER
fixed length control field 00617nam a2200241 a 4500
020 ## - INTERNATIONAL STANDARD BOOK NUMBER
ISBN 0415173582
082 00 - DEWEY DECIMAL CLASSIFICATION NUMBER
Classification number 181.4
Author Cutter LEA
100 ## - MAIN ENTRY--AUTHOR NAME
Author name Leaman, Oliver
245 ## - TITLE STATEMENT
Title Eastern Philosophy
Sub title Key Readings
260 ## - PUBLICATION, DISTRIBUTION, ETC. (IMPRINT)
Place of publication London
Name of publisher Routledge Chapman Hall
Year of publication 2004
300 ## - PHYSICAL DESCRIPTION
Number of Pages 305p
500 ## - GENERAL NOTE
General note includes index and biblioraphy
505 2# - FORMATTED CONTENTS NOTE
Formatted contents note Glossary, References
650 ## - SUBJECT ADDED ENTRY--TOPICAL TERM
Topical Term Philosophy-Oriental
942 ## - ADDED ENTRY ELEMENTS (KOHA)
Koha item type Books
700 1# -
-- Leaman, Oliver
Holdings
Collection code Home library Current library Date acquired Cost, normal purchase price Full call number Accession Number Koha item type
  Henry Martyn Institute Library Henry Martyn Institute Library 03/20/2007 295.00 181.4 LEA 021789 Books
                   Copyright © 2026 | Henry Martyn Institute | Hyderabad | TS-500052 | INDIA | Implemented by hmi.edu.in
Hit-Count:

Powered by Koha